00000000nam##2200000za#4500
0019.687298
003CaOODSP
00520210624230920
007cr |||||||||||
008150407|2004||||xxc|||||o    f|0| 0 eng|d
020 |a0-662-39295-7
040 |aCaOODSP|beng
043 |an-cn---
0861 |aSD34-4/2005E-PDF
1101 |aCanada. |bSocial Development Canada.
24510|aNational software distribution / release management audit : |h[electronic resource]|bfinal audit report / |c[by] Audit and Evaluation Directorate, Policy and Strategic Direction.
260 |aOttawa - Ontario : |bSocial Development Canada |cMarch 2004.
300 |a33p.|bfig., tables
590 |a13-16-Supp|b2013-07-12
77508|tVérification de la gestion nationale de la distribution et de la diffusion des logiciels : |w(CaOODSP)9.631753
85640|ahttp://publications.gc.ca|qPDF|s602 KB|uhttps://publications.gc.ca/collections/collection_2013/rhdcc-hrsdc/SD34-4-2005-eng.pdf
986 |aSDC-A-002-03-04E